01070naa a2200241 i 450000100060000000300090000600500170001500800410003202000180007304000290009104100130012008000100013308000100014310001300015324501300028330000280041365000120044165000220045365000140047565000260048970001470051577301660066210417KOSZ 00520180423093114.0180421s2007 pl a f 000 0 pol d a9788392091462 cKOSZ 005/HRaKOSZ 005/HR0 apolbeng a628.3 a628.410aKŁACZKO, Hanna.bPolitechnika Koszalińska - Wydział Budownictwa i Inżynierii Środowiska,cKatedra Gospodarki Odpadami10aOdcieki wysypiskowe jako potencjalne źródło zanieczyszczenia wód podziemnych /cHanna Kłaczko, Kazimierz Szymański. a366 s. :bil. ;c24 cm. 0aOdpady. 0aOsady ściekowe. 0aŚcieki. 0aGospodarka komunalna.1 aSZYMAŃSKI, Kazimierz.d1996 - .bPolitechnika Koszalińska - Wydział Budownictwa i Inżynierii Środowiska,cKatedra Gospodarki Odpadami0 iW :tGospodarka odpadami komunalnymi : praca zbiorowa. T. 3 / pod red. Kazimierza Szymańskiego. -dKoszalin : Wydaw. Feniks, 2007. -gs. 337-346z9788392091462